| 000 | 00760nas a2200253 4500 | ||
|---|---|---|---|
| 001 | BR0402919 | ||
| 003 | BR-BrBNA | ||
| 005 | 20231205104647.0 | ||
| 007 | ta | ||
| 008 | 230509b bl.|||p| |||| 00| 00por d | ||
| 040 |
_aBR-BrBNA _bpor _cBiblioteca Nacional de Agricultura |
||
| 041 | _a(Pt) | ||
| 072 | _aF70 | ||
| 100 | 1 | _aLopes, M.R.M. | |
| 100 | 1 | _aBicudo, C.E. de M. | |
| 245 | 1 | _aDesmidioflórula de um lago da planície de inundação do rio Acre, Estado do Amazonas, Brasil | |
| 650 | _aALGA | ||
| 650 | _aTAXONOMIA VEGETAL | ||
| 650 | _aLAGO | ||
| 650 | _aAMAZONAS | ||
| 773 | 0 |
_tActa Amazônica (Brazil) _xISSN 0044-5967 _g(Apr-Jun 2003), v. 33(2) p. 167-211 _wBR0402919 |
|
| 909 |
_a202311 _bLúcia _c55 _dLúcia Elande |
||
| 942 |
_2AGRIS _n0 _cANA |
||
| 999 |
_c179158 _d179158 |
||